000 00538nam a22001817a 4500
005 20240403112548.0
010 _aENG-140026
020 _c495.00
_a9789354980253
035 _aEN-123558
037 _bDBAD/PUB
082 _a128.2
100 _aStrattom,George Malcolm
_964248
245 _aDeveloping Mental Power/
_c By George Malcolm Strattom
260 _a Delhi
_bFBS Publishers & Distributors
_c2022
270 _bDelhi
_a918, Mukerjee Nagar
_e110009
300 _a99p:
_c22(hb)
942 _2ddc
_cEN
_h128.2
_mSTR
999 _c201908
_d201908